000 00366 a2200157 4500
001 59995
020 _a9783194016729
040 _cAnchieta - Pituba
100 _aHabersack, Charlotte
240 1 0 _aTimo darf nicht sterben!
_lpor
245 1 0 _aTimo darf nicht sterben!
300 _a48
362 0 _a2009
650 4 _aLiteratura juvenil em alemão
942 _cBK
999 _c59995
_d59995